Reaganiens et néo-reaganiens (notice n° 1631234)
[ vue normale ]
| 000 -LEADER | |
|---|---|
| fixed length control field | 01538cam a2200169 4500500 |
| 005 - DATE AND TIME OF LATEST TRANSACTION | |
| control field | 20260111104949.0 |
| 041 ## - LANGUAGE CODE | |
| Language code of text/sound track or separate title | fre |
| 042 ## - AUTHENTICATION CODE | |
| Authentication code | dc |
| 100 10 - MAIN ENTRY--PERSONAL NAME | |
| Personal name | Lowry, Richard |
| Relator term | author |
| 245 00 - TITLE STATEMENT | |
| Title | Reaganiens et néo-reaganiens |
| 260 ## - PUBLICATION, DISTRIBUTION, ETC. | |
| Date of publication, distribution, etc. | 2005.<br/> |
| 500 ## - GENERAL NOTE | |
| General note | 52 |
| 520 ## - SUMMARY, ETC. | |
| Summary, etc. | RésuméSi la plupart des conservateurs se sont rangés derrière la politique d’action préventive du président Bush, l’inspiration néoconservatrice qui guide l’action de l’administration est très éloignée de ce que constitue une politique étrangère authentiquement conservatrice. Une telle politique doit concilier la promotion des principes à une vision réaliste du monde. Reagan connaissait la différence entre une politique étrangère conservatrice et l’interventionnisme wilsonien. Ses prétendus héritiers la connaissent-ils aussi ? |
| 520 ## - SUMMARY, ETC. | |
| Summary, etc. | Reaganites v. Neo-ReaganitesAlthough most conservatives have supported the preventive doctrine underlying the Bush policy, the neoconservatrice inspiration that guides it is at odds with a truly conservative foreign policy. Such a policy combines a belief in the power of ideals with a clear-eyed understanding of reality and the limits it sets on action. Reagan knew the difference between a conservative foreign policy and Wilsonian interventionism. Do his soi-disant heirs know it too? |
| 786 0# - DATA SOURCE ENTRY | |
| Note | Politique américaine | 2 | 2 | 2005-06-01 | p. 91-105 | 1771-8848 |
| 856 41 - ELECTRONIC LOCATION AND ACCESS | |
| Uniform Resource Identifier | <a href="https://shs.cairn.info/revue-politique-americaine-2005-2-page-91?lang=fr&redirect-ssocas=7080">https://shs.cairn.info/revue-politique-americaine-2005-2-page-91?lang=fr&redirect-ssocas=7080</a> |
Pas d'exemplaire disponible.




Réseaux sociaux